[Event "Loire-ch op 0506"]
[Site "Loire"]
[Date "2005.11.27"]
[Round "2"]
[White "Gerey, Jean Pierre"]
[Black "Paratcha, Yohan"]
[Result "1-0"]
[WhiteElo "1310"]
[BlackElo "1310"]
[PlyCount "111"]
[EventDate "2005.11.27"]
[EventType "swiss"]
[EventRounds "6"]
[EventCountry "FRA"]
[SourceTitle "EXT 2008"]
[Source "ChessBase"]
[SourceDate "2007.11.25"]
[SourceVersion "1"]
[SourceVersionDate "2007.11.25"]
[SourceQuality "1"]

1. e4 e5 2. Nf3 Nc6 3. Bb5 Nf6 4. 0-0 a6 5. Ba4 b5 6. Bb3 Bc5 7. h3 Nxe4 8. d3 Nf6 9. Re1 d6 10. c3 Qe7 11. d4 Bb6 12. Bc2 0-0 13. Bg5 Re8 14. Qd3 g6 15. Nbd2 Bf5 16. Ne4 Bxe4 17. Rxe4 Na5 18. Rae1 Nc4 19. Bb1 Qe6 20. b3 Nxe4 21. Rxe4 Na5 22. h4 f6 23. d5 Qf7 24. Bh6 Rac8 25. c4 c6 26. h5 cxd5 27. cxd5 Nb7 28. b4 Rc1+ 29. Ne1 f5 30. Re2 e4 31. Qb3 Re5 32. Qb2 Rc7 33. Rc2 Rxd5 34. Rxc7 Qxc7 35. Qb3 Qf7 36. Qc3 a5 37. Qc6 Ba7 38. Qc8+ Qf8 39. Bxf8 Rd2 40. Bh6+ Nd8 41. Qxd8+ Kf7 42. Bxd2 axb4 43. Qd7+ Kf6 44. Qxa7 gxh5 45. Qxh7 b3 46. axb3 d5 47. Qh6+ Ke5 48. Qf4+ Ke6 49. Bc3 h4 50. Qh6+ Kd7 51. Bb4 d4 52. Qd6+ Kc8 53. Ba5 Kb7 54. Qc7+ Ka8 55. Bb6 d3 56. Qa7# 1-0

[Event "Loire-ch op 0405"]
[Site "Loire"]
[Date "2005.05.21"]
[Round "8"]
[White "Veyrat, Gerard"]
[Black "Gerey, Jean Pierre"]
[Result "0-1"]
[WhiteElo "1240"]
[BlackElo "1350"]
[PlyCount "56"]
[EventDate "2004.10.16"]
[EventType "swiss"]
[EventRounds "9"]
[EventCountry "FRA"]
[SourceTitle "EXT 2008"]
[Source "ChessBase"]
[SourceDate "2007.11.25"]
[SourceVersion "1"]
[SourceVersionDate "2007.11.25"]
[SourceQuality "1"]

1. d4 d5 2. e3 Nc6 3. Nf3 Nf6 4. Nc3 g6 5. Bd3 Bg7 6. Bd2 0-0 7. e4 dxe4 8. Nxe4 Bg4 9. Qe2 Nxd4 10. Qe3 Nxf3+ 11. gxf3 Nd5 12. Qe2 Be6 13. c3 b6 14. c4 Nf6 15. Bc3 c5 16. Bxf6 exf6 17. Ng3 Re8 18. Be4 Rb8 19. 0-0 Qd4 20. b3 Bh3 21. Rad1 Qc3 22. Rfe1 f5 23. Rc1 Qa5 24. Qc2 fxe4 25. Nxe4 Rbd8 26. Ng3 Rxe1+ 27. Rxe1 Qxe1+ 28. Nf1 Qxf1# 0-1

[Event "Loire-ch op"]
[Site "Loire"]
[Date "2004.03.06"]
[Round "4"]
[White "Campoy, Jean"]
[Black "Gerey, Jean Pierre"]
[Result "0-1"]
[WhiteElo "1440"]
[BlackElo "1330"]
[PlyCount "78"]
[EventDate "2004.01.10"]
[EventType "swiss"]
[EventRounds "9"]
[EventCountry "FRA"]
[SourceTitle "EXT 2008"]
[Source "ChessBase"]
[SourceDate "2007.11.25"]
[SourceVersion "1"]
[SourceVersionDate "2007.11.25"]
[SourceQuality "1"]

1. e4 e5 2. Nf3 Nc6 3. d3 Nf6 4. c4 g6 5. Nc3 d6 6. Be2 Be6 7. 0-0 Bg7 8. Bg5 0-0 9. h3 a6 10. Nh2 Nd4 11. Bg4 Bxg4 12. Nxg4 Ne6 13. Nxf6+ Bxf6 14. Bxf6 Qxf6 15. Nd5 Qd8 16. b4 c6 17. Nc3 Nd4 18. Ne2 Qb6 19. a3 a5 20. Nxd4 Qxd4 21. bxa5 Rxa5 22. Qb3 Rb8 23. a4 b6 24. Qd1 Rba8 25. Kh2 b5 26. cxb5 cxb5 27. Qb3 Rxa4 28. Rxa4 Qxa4 29. Qd5 Qa6 30. Rc1 b4 31. Rc6 Qa5 32. Qxd6 b3 33. Rb6 Qc3 34. Qb4 Qxd3 35. Qxb3 Qxe4 36. Rb7 Qf4+ 37. Kg1 Ra1+ 38. Qb1 Rxb1+ 39. Rxb1 Kg7 0-1